[Event "Netanya Open 2019"]
[Site "Netanya"]
[Date "2019.06.30"]
[Round "7.46"]
[White "Parnes, Nadav"]
[Black "Yusupoff, Yoav"]
[Result "1-0"]
[WhiteElo "2072"]
[BlackElo "1874"]
[PlyCount "45"]
[EventDate "2019.06.23"]
[EventType "swiss"]
[EventRounds "9"]
[EventCountry "ISR"]
[TimeControl "40/5400+30:1800+30"]

{[%evp 0,4,19,38,40,41,41]} 1. e4 c5 2. Nf3 e6 3. d3 Nc6 4. g3 g6 5. Bg2 Bg7 6. O-O Nge7 7. Re1 d6 8. c3 O-O 9. d4 cxd4 10. cxd4 d5 11. e5 Qb6 12. Nc3 a6 13. b3 Qa7 14. Na4 Nf5 15. Ba3 Ncxd4 16. Nxd4 Qxd4 17. Qxd4 Nxd4 18. Nb6 Rb8 19. Bd6 Nc6 20. Rac1 Bxe5 21. Rxe5 Nxe5 22. Bxe5 Bd7 23. Bxb8 1-0

[Event "Netanya Open 2019"]
[Site "Netanya"]
[Date "2019.06.30"]
[Round "7.47"]
[White "Noy, Eyal"]
[Black "Levin, Guy"]
[Result "1/2-1/2"]
[WhiteElo "1858"]
[BlackElo "2052"]
[PlyCount "121"]
[EventDate "2019.06.23"]
[EventType "swiss"]
[EventRounds "9"]
[EventCountry "ISR"]
[TimeControl "40/5400+30:1800+30"]

1. e4 c5 2. Nf3 d6 3. d4 cxd4 4. Nxd4 Nf6 5. Nc3 a6 6. h3 e5 7. Nde2 b5 8. Bg5 Be7 9. Bxf6 Bxf6 10. Nd5 O-O 11. a4 bxa4 12. Nec3 Nd7 13. Rxa4 Bb7 14. Bc4 Nc5 15. Ra3 Bxd5 16. Nxd5 Nxe4 17. Bxa6 Nc5 18. Qe2 Qb8 19. b4 Nxa6 20. Rxa6 Qb7 21. Rxa8 Rxa8 22. Nxf6+ gxf6 23. O-O Qxb4 24. Qf3 Re8 25. Qxf6 Re6 26. Qf3 Qc4 27. Qg4+ Qxg4 28. hxg4 d5 29. Rd1 d4 30. f3 Rc6 31. Rd2 f6 32. Re2 Rc5 33. Kf2 Kf7 34. Ke1 Kg6 35. Kf2 h5 36. gxh5+ Kxh5 37. Kg3 Kg5 38. Rd2 f5 39. Re2 Kf6 40. Kf2 Ke6 41. Kg3 Kd5 42. Kh4 e4 43. Kg5 e3 44. Kxf5 Rxc2 45. Rxc2 d3 46. Rc8 e2 47. Re8 d2 48. Rxe2 d1=Q 49. Re5+ Kd6 50. Re6+ Kd7 51. Rg6 Qc2+ 52. Kf6 Qb2+ 53. Kf5 Ke7 54. Rg4 Qf6+ 55. Ke4 Kd6 56. Ke3 Qb2 57. Rd4+ Ke5 58. Re4+ Kd5 59. Rg4 Qc2 60. Rd4+ Kc5 61. Rg4 1/2-1/2

[Event "Netanya Open 2019"]
[Site "Netanya"]
[Date "2019.06.30"]
[Round "7.48"]
[White "Ben Ari, Yannay"]
[Black "Zoabi, Jihad"]
[Result "1/2-1/2"]
[WhiteElo "2049"]
[BlackElo "1788"]
[PlyCount "79"]
[EventDate "2019.06.23"]
[EventType "swiss"]
[EventRounds "9"]
[EventCountry "ISR"]
[TimeControl "40/5400+30:1800+30"]

1. e4 c5 2. Nc3 a6 3. Nf3 e6 4. d4 cxd4 5. Nxd4 d6 6. g3 Nf6 7. Bg2 Be7 8. O-O O-O 9. a4 Bd7 10. Be3 Nc6 11. Nxc6 Bxc6 12. a5 Rc8 13. f4 d5 14. Bb6 Qe8 15. exd5 Nxd5 16. Nxd5 Bxd5 17. Bxd5 exd5 18. Qxd5 Bd8 19. Bxd8 Qe3+ 20. Kh1 Rfxd8 21. Rae1 Rxd5 22. Rxe3 Rd2 23. Rfe1 g6 24. Re8+ Rxe8 25. Rxe8+ Kg7 26. Rc8 Kf6 27. Rc7 Kf5 28. h3 Ke4 29. Kg1 h5 30. h4 f5 31. Rc3 Rd5 32. Rb3 Rxa5 33. Rxb7 Rc5 34. c3 Rb5 35. Ra7 Rxb2 36. Rxa6 Kf3 37. Rxg6 Rb1+ 38. Kh2 Rb2+ 39. Kg1 Rb1+ 40. Kh2 1/2-1/2

[Event "Netanya Open 2019"]
[Site "Netanya"]
[Date "2019.06.30"]
[Round "7.49"]
[White "Zhimalov, Adam"]
[Black "Regenbogen, Yoseph"]
[Result "1-0"]
[WhiteElo "2044"]
[BlackElo "1806"]
[PlyCount "69"]
[EventDate "2019.06.23"]
[EventType "swiss"]
[EventRounds "9"]
[EventCountry "ISR"]
[TimeControl "40/5400+30:1800+30"]

1. d4 Nf6 2. c4 c6 3. Nf3 d5 4. e3 Bg4 5. h3 Bh5 6. Nc3 e6 7. Qb3 Qc7 8. Bd2 Nbd7 9. Bd3 Bg6 10. Bxg6 hxg6 11. cxd5 exd5 12. O-O Bd6 13. Rfc1 Qb6 14. Qc2 O-O-O 15. b4 Kb8 16. Rab1 a6 17. a4 Rc8 18. Qb3 Rhe8 19. Ng5 Re7 20. b5 a5 21. Qa2 Bb4 22. bxc6 bxc6 23. Ne2 Nf8 24. Bxb4 axb4 25. a5 Ra7 26. axb6 Rxa2 27. Ng3 N6d7 28. Nxf7 Nxb6 29. Rxb4 Ka7 30. Ne5 Kb7 31. Rcb1 Ra6 32. Nd3 Nfd7 33. Nc5+ Ka7 34. Nxd7 Nxd7 35. Rb7+ 1-0

[Event "Netanya Open 2019"]
[Site "Netanya"]
[Date "2019.06.30"]
[Round "7.50"]
[White "Tartakovsky, Daniel"]
[Black "Sobel, Alon"]
[Result "1/2-1/2"]
[WhiteElo "2021"]
[BlackElo "1704"]
[PlyCount "47"]
[EventDate "2019.06.23"]
[EventType "swiss"]
[EventRounds "9"]
[EventCountry "ISR"]
[TimeControl "40/5400+30:1800+30"]

1. d4 d5 2. Nf3 Nf6 3. c4 e6 4. g3 Be7 5. Bg2 c6 6. O-O O-O 7. Qc2 Nbd7 8. b3 b6 9. Rd1 Bb7 10. Nc3 Rc8 11. e4 Bb4 12. e5 Ne8 13. Bg5 Be7 14. Bxe7 Qxe7 15. cxd5 cxd5 16. Qd2 Nc7 17. Rac1 b5 18. Bf1 b4 19. Nb5 Nxb5 20. Bxb5 a5 21. Ne1 Nb8 22. Rxc8 Rxc8 23. Rc1 Qd8 24. Nd3 1/2-1/2

[Event "Netanya Open 2019"]
[Site "Netanya"]
[Date "2019.06.30"]
[Round "7.51"]
[White "Sheinkman, Lidan"]
[Black "Gov, Guy"]
[Result "0-1"]
[WhiteElo "1863"]
[BlackElo "2006"]
[PlyCount "58"]
[EventDate "2019.06.23"]
[EventType "swiss"]
[EventRounds "9"]
[EventCountry "ISR"]
[TimeControl "40/5400+30:1800+30"]

1. d4 Nf6 2. Nf3 e6 3. Bg5 h6 4. Bh4 Be7 5. Nbd2 b6 6. e4 Bb7 7. Bd3 d6 8. c3 Nbd7 9. Qe2 Nh5 10. Bxe7 Qxe7 11. Qe3 g5 12. O-O-O Nf4 13. g3 Nxd3+ 14. Qxd3 a5 15. Rhe1 Ba6 16. Qe3 Nf6 17. e5 Nd5 18. Qe4 b5 19. Kb1 Rb8 20. Ka1 a4 21. a3 Qd7 22. exd6 Qxd6 23. Ne5 O-O 24. h4 Nxc3 25. bxc3 Qxa3+ 26. Kb1 b4 27. c4 b3 28. Ndf3 Qa2+ 29. Kc1 b2+ 0-1

[Event "Netanya Open 2019"]
[Site "Netanya"]
[Date "2019.06.30"]
[Round "7.52"]
[White "Cohen, Elad"]
[Black "Lifshits, Raz"]
[Result "0-1"]
[WhiteElo "1999"]
[BlackElo "1749"]
[PlyCount "104"]
[EventDate "2019.06.23"]
[EventType "swiss"]
[EventRounds "9"]
[EventCountry "ISR"]
[TimeControl "40/5400+30:1800+30"]

1. e4 d6 2. d4 g6 3. Nf3 Bg7 4. Bc4 Nf6 5. Qe2 c6 6. Bb3 O-O 7. O-O Qc7 8. Rd1 e5 9. dxe5 dxe5 10. Bg5 Nbd7 11. Nbd2 Nc5 12. Qe3 Nxb3 13. axb3 Ng4 14. Qc3 f6 15. Be3 Nxe3 16. Qxe3 b6 17. Nc4 Be6 18. Qc3 Rad8 19. Ne3 Kh8 20. b4 f5 21. Ng5 Bg8 22. b5 Qe7 23. Nxh7 Kxh7 24. bxc6 Rxd1+ 25. Rxd1 Qc5 26. Qxc5 bxc5 27. exf5 gxf5 28. c7 Rc8 29. Rd7 Be6 30. Re7 f4 31. Nd1 Bf5 32. Nc3 Kg6 33. h4 Bf6 34. Nd5 Bxe7 35. Nxe7+ Kf6 36. Nxc8 Bxc8 37. g3 Ke7 38. h5 Kf6 39. f3 fxg3 40. Kg2 Kg5 41. Kxg3 Kxh5 42. f4 Kg6 43. fxe5 Kf5 44. c3 a5 45. Kf3 Kxe5 46. Ke3 Kd5 47. Kd3 Bf5+ 48. Ke3 Kc4 49. b4 a4 50. Kd2 a3 51. Kc1 Kxc3 52. bxc5 a2 0-1

[Event "Netanya Open 2019"]
[Site "Netanya"]
[Date "2019.06.30"]
[Round "7.53"]
[White "Smoliar, Klim"]
[Black "Tsyn, Igor"]
[Result "0-1"]
[WhiteElo "1871"]
[BlackElo "2002"]
[PlyCount "100"]
[EventDate "2019.06.23"]
[EventType "swiss"]
[EventRounds "9"]
[EventCountry "ISR"]
[TimeControl "40/5400+30:1800+30"]

1. e4 e6 2. Nf3 d5 3. Nc3 Nf6 4. e5 Ne4 5. Ne2 Be7 6. d4 c5 7. Ng3 Nc6 8. Bd3 Ng5 9. Nxg5 Bxg5 10. Qg4 Bxc1 11. Qxg7 Bxb2 12. Qxh8+ Kd7 13. Qxd8+ Kxd8 14. Rb1 Bc3+ 15. Kf1 Bxd4 16. f4 h6 17. Ne2 Be3 18. c3 Ke7 19. h4 f6 20. Rh3 d4 21. cxd4 cxd4 22. exf6+ Kxf6 23. Rg3 Ne7 24. Be4 e5 25. fxe5+ Kxe5 26. Bf3 Nf5 27. Rg6 Nd6 28. Nxd4 Nc4 29. Rb5+ Kxd4 30. Rd5+ Kc3 31. Rd8 Bf5 32. Rxa8 Bxg6 33. Rc8 b5 34. g4 Bb1 35. a3 Kb3 36. Ke2 Bd4 37. Bd5 Kc3 38. Rc6 Bd3+ 39. Kf3 Kd2 40. Rxh6 Nxa3 41. g5 Nc4 42. Re6 b4 43. Be4 b3 44. Bxd3 Kxd3 45. Re1 Be3 46. Kg4 b2 47. Rb1 Kc2 48. Rxb2+ Kxb2 49. h5 Ne5+ 50. Kf5 Nf7 0-1

[Event "Netanya Open 2019"]
[Site "Netanya"]
[Date "2019.06.30"]
[Round "7.54"]
[White "Uritsky, Yonathan"]
[Black "Kadosh, Lior"]
[Result "1/2-1/2"]
[WhiteElo "1981"]
[BlackElo "1649"]
[PlyCount "100"]
[EventDate "2019.06.23"]
[EventType "swiss"]
[EventRounds "9"]
[EventCountry "ISR"]
[TimeControl "40/5400+30:1800+30"]

1. Nc3 Nf6 2. Nf3 d5 3. d3 Nc6 4. g3 Bg4 5. Bg2 h6 6. O-O g6 7. h3 Be6 8. e4 dxe4 9. dxe4 Bg7 10. Be3 Bc4 11. Re1 Nd7 12. Nd4 Nde5 13. Nxc6 Nxc6 14. f4 e5 15. f5 O-O 16. b3 Ba6 17. fxg6 fxg6 18. Qg4 Kh7 19. Bc5 h5 20. Qd1 Rf7 21. Nd5 Qg5 22. Kh2 h4 23. gxh4 Qxh4 24. Qg4 Qxg4 25. hxg4 Bh6 26. c4 b6 27. Bg1 Raf8 28. Rad1 Bc8 29. Bh3 Nd8 30. g5 Bxh3 31. gxh6 Bg4 32. Rd2 Ne6 33. Be3 Bf3 34. Nc3 Re8 35. Rf1 Ref8 36. Rdf2 g5 37. Kg3 g4 38. Nb1 Nf4 39. Nd2 Nd3 40. Rh2 c5 41. Rh5 Nf4 42. Rxe5 Ne2+ 43. Kh4 g3 44. Nxf3 Rxf3 45. Re7+ Kh8 46. Rxf3 Rxf3 47. Re8+ Kh7 48. Re7+ Kh8 49. Re8+ Kh7 50. Re7+ Kh8 1/2-1/2

[Event "Netanya Open 2019"]
[Site "Netanya"]
[Date "2019.06.30"]
[Round "7.55"]
[White "Kushnir, Arie"]
[Black "Kinberg, Ofer"]
[Result "1-0"]
[WhiteElo "1662"]
[BlackElo "1962"]
[PlyCount "81"]
[EventDate "2019.06.23"]
[EventType "swiss"]
[EventRounds "9"]
[EventCountry "ISR"]
[TimeControl "40/5400+30:1800+30"]

1. e4 e5 2. Nf3 Nc6 3. Bc4 Nf6 4. d3 Be7 5. c3 O-O 6. Nbd2 d6 7. O-O Na5 8. Bb3 Nxb3 9. axb3 Nd7 10. Nc4 f5 11. Ne3 f4 12. Nf5 g6 13. Nxe7+ Qxe7 14. d4 g5 15. dxe5 dxe5 16. Qd5+ Kh8 17. Ra5 c6 18. Qc4 b6 19. Ra1 Qf6 20. h3 Nc5 21. b4 Be6 22. Qe2 Nb3 23. Ra3 b5 24. Qc2 Nxc1 25. Rxc1 g4 26. hxg4 Bxg4 27. c4 Bxf3 28. Rxf3 Qg6 29. cxb5 Rg8 30. g3 cxb5 31. Qc3 Qh5 32. Rxf4 Rac8 33. Qxc8 Rxc8 34. Rxc8+ Kg7 35. Rc7+ Kg6 36. Rf5 Qd1+ 37. Kg2 Qe2 38. Rxe5 Qxb2 39. Re6+ Kg5 40. Rc5+ Kg4 41. Rh6 1-0

[Event "Netanya Open 2019"]
[Site "Netanya"]
[Date "2019.06.30"]
[Round "7.56"]
[White "Sobel, Ido"]
[Black "Cohen Revivo, Alon"]
[Result "0-1"]
[WhiteElo "1606"]
[BlackElo "2030"]
[PlyCount "114"]
[EventDate "2019.06.23"]
[EventType "swiss"]
[EventRounds "9"]
[EventCountry "ISR"]
[TimeControl "40/5400+30:1800+30"]

1. e4 Nc6 2. d4 d5 3. exd5 Qxd5 4. Nf3 e5 5. Nc3 Bb4 6. a3 Bxc3+ 7. bxc3 e4 8. Nd2 Nf6 9. h3 Bf5 10. Nb3 O-O 11. Bf4 Rfe8 12. c4 Qd7 13. Be2 h6 14. Qd2 b6 15. Qe3 Bg6 16. g4 a5 17. Rd1 a4 18. Nc1 Rad8 19. c3 Na5 20. Na2 Qe7 21. Nc1 Rd7 22. Rd2 Nb3 23. Ra2 Na5 24. h4 h5 25. g5 Nh7 26. Qd2 Nb3 27. Qd1 e3 28. Bxe3 Nxc1 29. Qxc1 Qe4 30. Rh2 Nf8 31. Bf1 Rde7 32. Re2 Qg4 33. Kd2 Qe6 34. Re1 Qd6 35. Rh3 Ne6 36. Rf3 Nc5 37. Qb2 Nb3+ 38. Kd1 Qc6 39. d5 Qd6 40. Be2 Re4 41. Rh3 R4e7 42. Bf3 c6 43. Rhh1 cxd5 44. cxd5 b5 45. Bd4 Qf4 46. Be2 Rxe2 47. Rxe2 Rxe2 48. Kxe2 Qe4+ 49. Be3 Qxh1 50. f3 Qxh4 51. Kf1 Qc4+ 52. Kg2 Qxd5 53. Qf2 Na5 54. Qg3 Nc4 55. Qb8+ Kh7 56. Bc1 Qe5 57. Qb7 Qe2+ 0-1

[Event "Netanya Open 2019"]
[Site "Netanya"]
[Date "2019.06.30"]
[Round "7.57"]
[White "Kharlamov, Igor"]
[Black "Scheinfeild, Michael"]
[Result "1-0"]
[WhiteElo "2019"]
[BlackElo "1582"]
[PlyCount "87"]
[EventDate "2019.06.23"]
[EventType "swiss"]
[EventRounds "9"]
[EventCountry "ISR"]
[TimeControl "40/5400+30:1800+30"]

1. d4 e6 2. c4 f5 3. e4 Nf6 4. e5 Ne4 5. Nf3 Bb4+ 6. Nbd2 c5 7. d5 O-O 8. Bd3 d6 9. O-O Bxd2 10. Bxd2 Nxd2 11. Qxd2 dxe5 12. Nxe5 Qf6 13. Rae1 exd5 14. cxd5 f4 15. Qc2 g6 16. Qxc5 b6 17. Qa3 Nd7 18. Nxd7 Bxd7 19. Qe7 Qxe7 20. Rxe7 Rf7 21. Rfe1 Kf8 22. d6 Re8 23. Rxe8+ Bxe8 24. Be4 Rf6 25. Rd1 Bd7 26. Kf1 Ke8 27. Ke2 h6 28. Rd4 Bb5+ 29. Kf3 Kd7 30. a4 Ba6 31. Bc6+ Kd8 32. b4 g5 33. b5 Bc8 34. d7 h5 35. h3 a6 36. dxc8=Q+ Kxc8 37. Rd5 axb5 38. axb5 Rg6 39. Rf5 Kd8 40. h4 gxh4 41. Rxh5 h3 42. Rxh3 Rf6 43. Rh4 Ke7 44. Rxf4 1-0

[Event "Netanya Open 2019"]
[Site "Netanya"]
[Date "2019.06.30"]
[Round "7.58"]
[White "Stolyarsky, Yegor"]
[Black "Kopaloff, Liam"]
[Result "1/2-1/2"]
[WhiteElo "2017"]
[BlackElo "1545"]
[PlyCount "91"]
[EventDate "2019.06.23"]
[EventType "swiss"]
[EventRounds "9"]
[EventCountry "ISR"]
[TimeControl "40/5400+30:1800+30"]

1. d4 Nf6 2. Nf3 b5 3. e3 a6 4. Bd3 Bb7 5. O-O e6 6. a4 b4 7. c4 c5 8. Nbd2 Nc6 9. b3 Be7 10. Bb2 Qb6 11. Rc1 O-O 12. Bb1 Rfd8 13. d5 exd5 14. cxd5 Na5 15. Nc4 Nxc4 16. bxc4 d6 17. Qd3 g6 18. e4 Bc8 19. Qd2 Nh5 20. e5 Bd7 21. Bc2 b3 22. a5 Qb7 23. Bd1 Rab8 24. exd6 Bxd6 25. Ne5 Ng7 26. Qc3 Bf8 27. Nxd7 Rxd7 28. Re1 Qb4 29. Re3 Rdb7 30. g4 Qxc3 31. Rcxc3 Bd6 32. Rxb3 Bc7 33. Rxb7 Rxb7 34. Bxg7 Kxg7 35. Kg2 Rb4 36. Be2 Ra4 37. Re8 Rxa5 38. Rc8 Be5 39. Rc6 Kf8 40. Rb6 Bc7 41. Rb7 Bd6 42. Rd7 Bf4 43. d6 Ke8 44. Re7+ Kf8 45. Rd7 Ke8 46. Re7+ 1/2-1/2

[Event "Netanya Open 2019"]
[Site "Netanya"]
[Date "2019.06.30"]
[Round "7.59"]
[White "Friedland, Eldar"]
[Black "Schnaidman, Itzhak"]
[Result "1-0"]
[WhiteElo "1939"]
[BlackElo "1474"]
[PlyCount "83"]
[EventDate "2019.06.23"]
[EventType "swiss"]
[EventRounds "9"]
[EventCountry "ISR"]
[TimeControl "40/5400+30:1800+30"]

1. d4 d5 2. c4 e6 3. Nc3 Nf6 4. cxd5 exd5 5. Bg5 Be7 6. e3 O-O 7. Qc2 c6 8. Bd3 Nbd7 9. Nge2 Re8 10. f3 Nf8 11. O-O h6 12. Bh4 Ne6 13. Rad1 Nh5 14. Bf2 Bd6 15. e4 Bf4 16. e5 Ng5 17. h4 Nxf3+ 18. gxf3 Qd7 19. Nxf4 Nxf4 20. Be3 Nxd3 21. Rxd3 Qf5 22. Rd2 Qh5 23. Rh2 Bf5 24. Qf2 Re6 25. Ne2 Bd3 26. Nf4 Qf5 27. Rd1 Bb5 28. Nxe6 fxe6 29. Qg3 Kh7 30. Rg2 Rg8 31. Qf4 Qh5 32. Qg4 Qf7 33. h5 g5 34. hxg6+ Rxg6 35. Qxg6+ Qxg6 36. Rxg6 Kxg6 37. Kf2 h5 38. Rg1+ Kh7 39. Rg5 Bd3 40. Rxh5+ Kg6 41. Rh6+ Kf5 42. Rf6# 1-0

[Event "Netanya Open 2019"]
[Site "Netanya"]
[Date "2019.06.30"]
[Round "7.60"]
[White "Zaromb, Charles Irving"]
[Black "Fudim, Basya"]
[Result "1-0"]
[WhiteElo "1738"]
[BlackElo "1332"]
[PlyCount "71"]
[EventDate "2019.06.23"]
[EventType "swiss"]
[EventRounds "9"]
[EventCountry "ISR"]
[TimeControl "40/5400+30:1800+30"]

1. e4 e6 2. Nf3 d5 3. e5 c5 4. b4 cxb4 5. d4 Nc6 6. a3 f6 7. axb4 Bxb4+ 8. c3 Ba5 9. Ba3 fxe5 10. dxe5 Nge7 11. Bd3 h6 12. O-O O-O 13. Bc2 Qc7 14. Qd3 g6 15. Bd6 Qb6 16. Nh4 Rf7 17. Nxg6 Rg7 18. Nxe7+ Nxe7 19. Bxe7 Rxe7 20. Qg6+ Kf8 21. Ra4 Rf7 22. Qxh6+ Ke7 23. Qg5+ Kd7 24. Bg6 Re7 25. h4 Qd8 26. h5 b6 27. h6 Ba6 28. Rd1 Qh8 29. c4 Bb7 30. cxd5 Bxd5 31. Rad4 Qf8 32. Rf4 Qg8 33. Rxd5+ exd5 34. Bf5+ Re6 35. Bxe6+ Qxe6 36. Qg7+ 1-0

[Event "Netanya Open 2019"]
[Site "Netanya"]
[Date "2019.06.30"]
[Round "7.61"]
[White "Segev, Ido"]
[Black "Neeman, Gal"]
[Result "0-1"]
[WhiteElo "1382"]
[BlackElo "1661"]
[PlyCount "32"]
[EventDate "2019.06.23"]
[EventType "swiss"]
[EventRounds "9"]
[EventCountry "ISR"]
[TimeControl "40/5400+30:1800+30"]

1. c4 e6 2. d4 d5 3. Nc3 c6 4. c5 Nf6 5. Nf3 b6 6. b4 a5 7. Ba3 axb4 8. Bxb4 bxc5 9. dxc5 Na6 10. Qa4 Nxb4 11. Qxb4 Qa5 12. Qb2 Ne4 13. Rc1 Bxc5 14. Nd2 Ba3 15. Qc2 Nxd2 16. Kxd2 d4 0-1

[Event "Netanya Open 2019"]
[Site "Netanya"]
[Date "2019.06.30"]
[Round "7.62"]
[White "Sherman, Reem"]
[Black "Lomakin, Vladimir"]
[Result "1-0"]
[WhiteElo "1951"]
[BlackElo "1430"]
[PlyCount "65"]
[EventDate "2019.06.23"]
[EventType "swiss"]
[EventRounds "9"]
[EventCountry "ISR"]
[TimeControl "40/5400+30:1800+30"]

1. e4 e5 2. Bc4 Nf6 3. d3 h6 4. Nc3 c6 5. Nf3 d5 6. Bb3 Bg4 7. h3 Bxf3 8. Qxf3 Bb4 9. exd5 cxd5 10. Bd2 Nc6 11. O-O-O Nd4 12. Qg3 Nxb3+ 13. axb3 Bxc3 14. Bxc3 O-O 15. Qxe5 Re8 16. Qd4 Re6 17. g4 Rc8 18. Rdg1 Rxc3 19. bxc3 Qa5 20. Kb2 a6 21. h4 Re2 22. g5 Rxc2+ 23. Kxc2 Qa2+ 24. Kc1 hxg5 25. hxg5 Nh7 26. Qxd5 Qa3+ 27. Kd2 Qb2+ 28. Ke3 Nf8 29. Qd8 Qa3 30. b4 Qxc3 31. Rh8+ Kxh8 32. Qxf8+ Kh7 33. g6+ 1-0

[Event "Netanya Open 2019"]
[Site "Netanya"]
[Date "2019.06.30"]
[Round "7.63"]
[White "Fudim, Ariel"]
[Black "Kinberg, Raz"]
[Result "1/2-1/2"]
[WhiteElo "1768"]
[BlackElo "1385"]
[PlyCount "78"]
[EventDate "2019.06.23"]
[EventType "swiss"]
[EventRounds "9"]
[EventCountry "ISR"]
[TimeControl "40/5400+30:1800+30"]

1. d4 Nf6 2. c4 e6 3. g3 g6 4. Bg2 Bg7 5. Nf3 d5 6. O-O O-O 7. Nbd2 b6 8. b3 Bb7 9. Ba3 Re8 10. Rc1 Nbd7 11. Qc2 Rc8 12. Rfd1 c6 13. e4 h6 14. e5 Nh7 15. b4 b5 16. cxb5 cxb5 17. Qd3 a6 18. Nb3 Nb6 19. Nc5 Qe7 20. Rc2 Nc4 21. Bc1 Qc7 22. h4 Bf8 23. Qe2 Kg7 24. Nd2 Bxc5 25. bxc5 Qe7 26. a4 Bc6 27. axb5 axb5 28. Nxc4 bxc4 29. Rb2 Rb8 30. Be3 Qc7 31. Rdb1 Nf8 32. Qd2 h5 33. Bf3 Nd7 34. Qc3 Rxb2 35. Rxb2 Rb8 36. Rxb8 Qxb8 37. Qa5 Qc8 38. Bd1 Qb7 39. Kh2 Qc8 1/2-1/2

[Event "Netanya Open 2019"]
[Site "Netanya"]
[Date "2019.06.30"]
[Round "7.64"]
[White "Reches, Omer"]
[Black "Ben Hemo, Guy"]
[Result "1-0"]
[WhiteElo "1720"]
[BlackElo "1453"]
[PlyCount "43"]
[EventDate "2019.06.23"]
[EventType "swiss"]
[EventRounds "9"]
[EventCountry "ISR"]
[TimeControl "40/5400+30:1800+30"]

1. d4 d5 2. Nf3 Nf6 3. Bf4 e6 4. e3 c5 5. c3 Qb6 6. Qb3 Qxb3 7. axb3 Nc6 8. Na3 a6 9. Nb5 Kd8 10. Ng5 Ke7 11. Bd6+ Kd7 12. dxc5 b6 13. Nxf7 Rg8 14. Nc7 Ra7 15. cxb6 Rxc7 16. Bxc7 h6 17. Bxa6 Bxa6 18. Rxa6 Be7 19. O-O Rf8 20. Ne5+ Nxe5 21. Bxe5 Ng4 22. Bg3 1-0

[Event "Netanya Open 2019"]
[Site "Netanya"]
[Date "2019.06.30"]
[Round "7.65"]
[White "Usha Margolin, Daniel"]
[Black "Lazebnikov, Efim"]
[Result "0-1"]
[WhiteElo "1437"]
[BlackElo "1444"]
[PlyCount "90"]
[EventDate "2019.06.23"]
[EventType "swiss"]
[EventRounds "9"]
[EventCountry "ISR"]
[TimeControl "40/5400+30:1800+30"]

1. e4 e6 2. d4 b6 3. Nc3 Bb7 4. Nf3 g6 5. Bf4 d6 6. Bc4 Bg7 7. O-O Ne7 8. Re1 O-O 9. Qd2 Nd7 10. Bh6 a6 11. h4 b5 12. Bb3 Nb6 13. h5 Nc4 14. Bxc4 bxc4 15. Bxg7 Kxg7 16. h6+ Kh8 17. Qe3 Ng8 18. d5 e5 19. a4 Bc8 20. a5 Bd7 21. Ra3 f5 22. Nd2 f4 23. Qe2 Nxh6 24. Qxc4 Ng4 25. Nf3 g5 26. Rb3 Nh6 27. Rb7 g4 28. Nd2 g3 29. f3 Qh4 30. Qxc7 Qh2+ 31. Kf1 Qh1+ 32. Ke2 Qxg2+ 33. Kd1 Rad8 34. Qxd6 Nf7 35. Qf6+ Kg8 36. Qxa6 Bc8 37. b3 Bxb7 38. Qxb7 Ng5 39. Re2 Qh3 40. Re1 Qc8 41. Qe7 Nf7 42. Ne2 Rd7 43. Qh4 Rd6 44. Qh3 Qxh3 45. Nc4 Ra6 0-1

[Event "Netanya Open 2019"]
[Site "Netanya"]
[Date "2019.06.30"]
[Round "7.66"]
[White "Mendler, Omer"]
[Black "Neeman, Ori"]
[Result "1-0"]
[WhiteElo "1231"]
[BlackElo "1285"]
[PlyCount "61"]
[EventDate "2019.06.23"]
[EventType "swiss"]
[EventRounds "9"]
[EventCountry "ISR"]
[TimeControl "40/5400+30:1800+30"]

1. e4 e5 2. Nf3 Nc6 3. Bc4 Nf6 4. d3 Bc5 5. c3 d6 6. b4 Bb6 7. a4 a6 8. a5 Ba7 9. Bg5 h6 10. Bh4 Qe7 11. Nbd2 Be6 12. Qb3 Rf8 13. b5 Bxc4 14. Nxc4 axb5 15. Qxb5 Bb6 16. O-O g5 17. Bg3 g4 18. Nh4 Bxf2+ 19. Rxf2 Ra7 20. Nf5 Qd7 21. Ng7+ Ke7 22. Bh4 Rg8 23. Bxf6+ Kf8 24. Nf5 Rg6 25. Bh4 h5 26. Raf1 g3 27. hxg3 Qe6 28. a6 Nd8 29. Bxd8 bxa6 30. Qb8 f6 31. Be7+ 1-0

[Event "Netanya Open 2019"]
[Site "Netanya"]
[Date "2019.06.30"]
[Round "7.67"]
[White "Sivan, Guy"]
[Black "Friedland, Benzi"]
[Result "1-0"]
[WhiteElo "1246"]
[BlackElo "1189"]
[PlyCount "51"]
[EventDate "2019.06.23"]
[EventType "swiss"]
[EventRounds "9"]
[EventCountry "ISR"]
[TimeControl "40/5400+30:1800+30"]

1. e4 d5 2. exd5 Qxd5 3. Nc3 Qa5 4. d4 Nf6 5. Bd2 c6 6. Bc4 Bf5 7. Nd5 Qd8 8. Nxf6+ gxf6 9. Nf3 h6 10. O-O e6 11. Re1 Nd7 12. Nh4 Bh7 13. Qh5 Bg8 14. Rxe6+ Be7 15. Rae1 Kf8 16. Bxh6+ Ke8 17. Rxe7+ Qxe7 18. Rxe7+ Kxe7 19. Bf8+ Nxf8 20. Qxh8 Ne6 21. Nf5+ Kd7 22. Qxf6 Kc7 23. Qe7+ Kb6 24. Nd6 Rb8 25. Ne8 Rc8 26. Qb4# 1-0

[Event "Netanya Open 2019"]
[Site "Netanya"]
[Date "2019.06.30"]
[Round "7.69"]
[White "Havakuk, Elad"]
[Black "Marques, Don"]
[Result "0-1"]
[WhiteElo "1350"]
[BlackElo "1179"]
[PlyCount "130"]
[EventDate "2019.06.23"]
[EventType "swiss"]
[EventRounds "9"]
[EventCountry "ISR"]
[TimeControl "40/5400+30:1800+30"]

1. e4 c5 2. d4 cxd4 3. c3 dxc3 4. Nxc3 e6 5. Bc4 b6 6. a4 Bc5 7. Nf3 Bb7 8. O-O Ne7 9. Bf4 O-O 10. Rb1 Bb4 11. Re1 d5 12. exd5 exd5 13. Bb3 Ng6 14. Bg5 f6 15. Re4 Bxc3 16. bxc3 Kh8 17. Rd4 fxg5 18. Bxd5 Bxd5 19. Nxg5 Qxg5 20. Rxd5 Ne5 21. Rbb5 Nbc6 22. Rd6 Qe7 23. Rbd5 Rad8 24. f4 Rxd6 25. Rxd6 Rd8 26. fxe5 Rxd6 27. exd6 Qe3+ 28. Kf1 Qe6 29. d7 Nd8 30. h3 h6 31. Qd4 Qf7+ 32. Kg1 Kg8 33. a5 Kh7 34. Qe4+ Qg6 35. Qe8 Nc6 36. axb6 Qb1+ 37. Kf2 Qxb6+ 38. Kf3 Qc7 39. Qe4+ g6 40. Qe8 Ne5+ 41. Qxe5 Qxe5 42. d8=Q Qxc3+ 43. Kf2 Qg7 44. Kf3 a6 45. Qa8 Qf6+ 46. Kg3 h5 47. Qb7+ Kh6 48. Kh2 a5 49. Qa8 Qf4+ 50. Kg1 a4 51. Qh8+ Kg5 52. Qd8+ Kf5 53. Qd5+ Kf6 54. Qc6+ Kg7 55. Qb7+ Kh6 56. Qa8 Qe3+ 57. Kf1 a3 58. Qh8+ Kg5 59. Qd8+ Kf4 60. Qf6+ Kg3 61. Qxg6+ Kh2 62. Qxh5 Qg1+ 63. Ke2 Qxg2+ 64. Kd1 a2 65. Qe5+ Kh1 0-1

[Event "Netanya Open 2019"]
[Site "Netanya"]
[Date "2019.07.01"]
[Round "8.1"]
[White "Zubov, Alexander"]
[Black "Antipov, Mikhail Al."]
[Result "1/2-1/2"]
[WhiteElo "2597"]
[BlackElo "2582"]
[Annotator "ChessBase"]
[PlyCount "36"]
[EventDate "2019.06.23"]
[EventType "swiss"]
[EventCountry "ISR"]
[SourceTitle "playchess.com"]
[Source "ChessBase"]
[SourceQuality "1"]
[TimeControl "40/5400+30:1800+30"]

1. d4 {[%emt 0:00:00]} Nf6 {[%emt 0:00:00]} 2. c4 {[%emt 0:00:00]} g6 {[%emt 0:00:00]} 3. Nc3 {[%emt 0:01:34]} d5 {[%emt 0:00:00]} 4. cxd5 {[%emt 0:02:06]} Nxd5 {[%emt 0:00:00]} 5. e4 {[%emt 0:00:22]} Nxc3 {[%emt 0:00:01]} 6. bxc3 {[%emt 0:00:01]} Bg7 {[%emt 0:00:14]} 7. Bc4 {[%emt 0:00:39]} c5 {[%emt 0:01:46]} 8. Ne2 {[%emt 0:00:06]} O-O {[%emt 0:02:14]} 9. O-O {[%emt 0:00:08]} Nc6 {[%emt 0:00:29]} 10. Be3 {[%emt 0:00:07]} b6 {[%emt 0:00:22]} 11. Qd2 {[%emt 0:05:22]} Bb7 {[%emt 0:01:46]} 12. Rfd1 {[%emt 0:03:04]} cxd4 {[%emt 0:01:06]} 13. cxd4 {[%emt 0:00:05]} Rc8 {[%emt 0:00:10]} 14. Rac1 {[%emt 0:00:25]} e6 {[%emt 0:00:31]} 15. Bg5 {[%emt 0:06:39]} Qd7 {[%emt 0:00:31]} 16. h4 {[%emt 0:02:16]} Na5 {[%emt 0:00:18]} 17. Bd3 {[%emt 0:00:06]} Rxc1 {[%emt 0:00:39]} 18. Rxc1 {[%emt 0:01:50]} Rc8 {[%emt 0:01:52]} 1/2-1/2